Online Catalogue and eLibrary

Thamilakak Kalai Varalaru (Record no. 4276)

MARC details
000 -LEADER
fixed length control field 00446nam a2200181Ia 4500
005 - DATE AND TIME OF LATEST TRANSACTION
control field 20250220053752.0
008 - FIXED-LENGTH DATA ELEMENTS--GENERAL INFORMATION
fixed length control field 240331s9999 xx 000 0 und d
082 ## - DDC Classification
Item Number - Author Mark KAM
DDC Edition Number 845
Class No. 954
100 ## - MAIN ENTRY--PERSONAL NAME
Personal name Kamaliah, K. C
245 #0 - TITLE STATEMENT
Title Thamilakak Kalai Varalaru
260 ## - PUBLICATION, DISTRIBUTION, ETC.
Place of publication, distribution, etc. Chennai
Name of publisher, distributor, etc. Manivaasakar Publishers
Date of publication, distribution, etc. 1988
300 ## - PHYSICAL DESCRIPTION
Extent (e.g. Volumes, Pages etc.) xii, 224 p.,
650 ## - SUBJECT ADDED ENTRY--TOPICAL TERM
Topical term or geographic name entry element Tamil
650 ## - SUBJECT ADDED ENTRY--TOPICAL TERM
Topical term or geographic name entry element Tamil History
650 ## - SUBJECT ADDED ENTRY--TOPICAL TERM
Topical term or geographic name entry element Tamil Arts
650 ## - SUBJECT ADDED ENTRY--TOPICAL TERM
Topical term or geographic name entry element Literature
942 ## - Koha item type (Biblio)
Koha item type Books in Stacks (Lending)
Holdings
Lost status Damaged status Collection code Home library Current library Shelving location Date acquired Full call number Accession Number Item type
    Lending WERC Library WERC Library Social Science Cupboard 03/31/2024 954 KAM 845 Books in Stacks (Lending)

© WERC Library